|
|
|
|
| LEADER |
00000nam0a2200000 4500 |
| 001 |
99179 |
| 005 |
20231101214231.0 |
| 035 |
|
|
|a (RuTPU)RU\TPU\book\106402
|
| 090 |
|
|
|a 99179
|
| 100 |
|
|
|a 20060629d1968 km y0rusy50 ca
|
| 101 |
0 |
|
|a rus
|
| 102 |
|
|
|a RU
|
| 105 |
|
|
|a a z 001zy
|
| 200 |
1 |
|
|a Термика Земли и Луны
|f Е. А. Любимова
|
| 210 |
|
|
|a Москва
|c Наука
|d 1968
|
| 215 |
|
|
|a 279 с.
|c черт., карт.
|
| 320 |
|
|
|a Библиогр.: с. 258-277.
|
| 606 |
|
|
|a Геотермика
|x (геофизика)
|2 stltpush
|3 (RuTPU)RU\TPU\subj\6236
|9 34168
|
| 606 |
|
|
|a Луна
|x Геофизика
|2 stltpush
|3 (RuTPU)RU\TPU\subj\66482
|9 82582
|
| 610 |
1 |
|
|a термические исследования
|
| 610 |
1 |
|
|a Земля
|
| 610 |
1 |
|
|a тепло
|
| 610 |
1 |
|
|a температура
|
| 610 |
1 |
|
|a тепловой поток
|
| 610 |
1 |
|
|a СССР
|
| 675 |
|
|
|a 550.36
|v 3
|
| 675 |
|
|
|a 523.34
|v 3
|
| 700 |
|
1 |
|a Любимова
|b Е. А.
|g Елена Александровна
|
| 801 |
|
1 |
|a RU
|b 63413507
|c 20060629
|g PSBO
|
| 801 |
|
2 |
|a RU
|b 63413507
|c 20150313
|g PSBO
|
| 942 |
|
|
|c BK
|